000 00518nam a2200181Ia 4500
005 20250508163158.0
008 008 250505s9999 xx 000 0 hin d
037 _aBooks to be hide in OPAC
040 _aFEDL
_beng
_cFEDL
041 _ahin
_2eng
084 _a001.422, SHA/O
_qFEDL
100 _aSharma Chandra
245 0 _aManovigyan eav shiksha mein prarambhik
260 _aMeerut, India
_bMeenakshi Prakashan
300 _a368p.
942 _cHB
_h001.422, SHA/O
999 _c1381338
_d1381338